1988 1257 1351 1669 1085 1778 1310 1961 1950 1338 1201 1029 1030 1205 1535 1164 1490 1040 1669 1919 1147 1874 1261 1945 1679 1461 1377 1122 1006 1400 1099 1065 1986 1432 1814 1409 1047 1419 1116 1520 1646 1674 1472 1430 1123 1020 1394 1814 1191 1033 1596 1967 1725 1953 1750 1635 1453 1419 1105 1404 1679 1451 1510 1452 1509 1706 1928 1749 1058 1492 1174 1203 1436 1553 1471 1769 1381 1223 1484 1592 1160 1098 1970 1741 1549 1835 1360 1350 1660 1336 1860 1281 1325 1132 1179 1802 1020 1428 1748 BCNSPRNW ULIB Ver.6.0+V

เปลี่ยนเป็นภาษาไทย

Change to English
 แสดงรายละเอียดบรรณานุกรม
  กลับหน้าหลัก

Brief Record : Get Marc (ISO 2709) : E-mail record : QR code < ปิดหน้าต่าง
LEADER : 00000nam 2200000uu 4500
001    13399113207
003     ULIB
008    111003s2550||||th 000 0 tha d
020    9789740320371
050  4 QA76.76^bอ436ฟ 2550
100 0  อวยพร โกมลวิจิตรกุล
245 10 ล้วงลึก 157 ฟังก์ชันเด็ด Excel /^cอวยพร โกมลวิจิตรกุล,โสภาพร สุขภิรมย์ ; บรรณาธิการ เกียรติประถม สินรุ่งเรืองกุล
250    พิมพ์ครั้งที่ 1
260    กรุงเทพฯ :^bสำนักพิมพ์แห่งจุฬาลงกรณ์มหาวิทยาลัย,^c2550
300    331 หน้า :^bภาพประกอบ ;^c21 ซม.
440  0 ชุดความรู้เพื่อชุมชน ;^vเล่มที่ 102
650  4 ไมโครซอฟต์เอ็กเซล
700 0  โสภาพร สุขภิรมย์
700 0  เกียรติประถม สินรุ่งเรืองกุล,^eบรรณาธิการ
945    ^p170^l0^i027349
995    ทศพร
999 ^a ทศพร
รายการนี้ยังไม่มีแท็ก
คุณยังไม่ได้ล็อกอิน คุณสามารถมีกิจกรรมร่วมกับเว็บไซต์ได้ แต่ต้องล็อกอินก่อน ::
  ล็อกอิน

รายการสื่อสารสนเทศ

ลำดับที่ ประเภท เลขเรียก/บาร์โค้ด สถานที่ สถานะ
- ไม่พบข้อมูล -

รายการใกล้เคียง
    หัวเรื่อง [ไมโครซอฟต์เอ็กเซล]

BibComment


ยังไม่เคยถูกคอมเมนท์

คอมเมนท์ทรัพยากรรายการนี้
  คอมเมนท์: ล้วงลึก 157 ฟังก์..


 Copyright 2026. Bcnsprnw @Library